<?xml version="1.0" encoding="UTF-8"?>
<record
    xmlns:xsi="http://www.w3.org/2001/XMLSchema-instance"
    xsi:schemaLocation="http://www.loc.gov/MARC21/slim http://www.loc.gov/standards/marcxml/schema/MARC21slim.xsd"
    xmlns="http://www.loc.gov/MARC21/slim">

  <leader>00334nam a2200133Ia 4500</leader>
  <datafield tag="082" ind1=" " ind2=" ">
    <subfield code="a">611</subfield>
    <subfield code="b">H2002H</subfield>
  </datafield>
  <datafield tag="100" ind1=" " ind2=" ">
    <subfield code="a">HALIM,A.</subfield>
  </datafield>
  <datafield tag="245" ind1=" " ind2=" ">
    <subfield code="a">HUMAN ANATOMY: HEAD, NECK &amp; BRAIN</subfield>
  </datafield>
  <datafield tag="250" ind1=" " ind2=" ">
    <subfield code="a">1</subfield>
  </datafield>
  <datafield tag="260" ind1=" " ind2=" ">
    <subfield code="b">MODERN PUBLISHERS</subfield>
    <subfield code="a">GULAB BHAWAN BAHADUR SHAH JAFAR MARG (NEW DELHI)</subfield>
    <subfield code="c">2002</subfield>
  </datafield>
  <datafield tag="300" ind1=" " ind2=" ">
    <subfield code="a">1-362</subfield>
  </datafield>
  <datafield tag="650" ind1=" " ind2=" ">
    <subfield code="a">ANATOMY</subfield>
  </datafield>
  <datafield tag="942" ind1=" " ind2=" ">
    <subfield code="2">ddc</subfield>
    <subfield code="c">BK</subfield>
  </datafield>
  <datafield tag="952" ind1=" " ind2=" ">
    <subfield code="0">0</subfield>
    <subfield code="1">0</subfield>
    <subfield code="2">ddc</subfield>
    <subfield code="4">0</subfield>
    <subfield code="7">0</subfield>
    <subfield code="a">FD</subfield>
    <subfield code="b">FD</subfield>
    <subfield code="d">2003-07-13</subfield>
    <subfield code="e">U.B.S.DELHI</subfield>
    <subfield code="g">250.00</subfield>
    <subfield code="h">3</subfield>
    <subfield code="i">SGTU</subfield>
    <subfield code="l">0</subfield>
    <subfield code="o">611 H2002H</subfield>
    <subfield code="p">FD684</subfield>
    <subfield code="r">2015-02-09 00:00:00</subfield>
    <subfield code="w">2012-02-03</subfield>
    <subfield code="y">BK</subfield>
    <subfield code="k">279</subfield>
  </datafield>
  <datafield tag="952" ind1=" " ind2=" ">
    <subfield code="0">0</subfield>
    <subfield code="1">0</subfield>
    <subfield code="2">ddc</subfield>
    <subfield code="4">0</subfield>
    <subfield code="7">0</subfield>
    <subfield code="a">FD</subfield>
    <subfield code="b">FD</subfield>
    <subfield code="d">2003-07-13</subfield>
    <subfield code="e">U.B.S.DELHI</subfield>
    <subfield code="g">250.00</subfield>
    <subfield code="h">3</subfield>
    <subfield code="i">SGTU</subfield>
    <subfield code="l">0</subfield>
    <subfield code="o">611 H2002H</subfield>
    <subfield code="p">FD685</subfield>
    <subfield code="r">2015-02-09 00:00:00</subfield>
    <subfield code="w">2012-02-03</subfield>
    <subfield code="y">BK</subfield>
    <subfield code="k">279</subfield>
  </datafield>
  <datafield tag="999" ind1=" " ind2=" ">
    <subfield code="c">2623</subfield>
    <subfield code="d">2623</subfield>
  </datafield>
</record>
